Harry Styles - Taste Back - All lyrics - Statistics

General Stats
  • This quiz has been taken 58 times
  • The average score is 322 of 374
Answer Stats
Answer % Correct
a
100%
back
100%
back?
100%
taste
100%
you
100%
You
100%
you)
100%
you—?
100%
(You,
100%
Did
98%
did
98%
love?
98%
love,
98%
love
98%
I
95%
little
95%
do
93%
in
93%
in?
93%
Just
93%
just
93%
need
93%
your
93%
get
91%
It
89%
it
89%
like
89%
Like
89%
Or
89%
be
86%
that
86%
can
84%
lonely
84%
me
84%
me,
84%
out
84%
Paris
84%
talk
84%
Talk
84%
and
82%
And
82%
to
82%
But,
80%
but
80%
Must
80%
take
80%
friends
77%
know
77%
call
75%
when
75%
with
75%
go
73%
if
73%
no
73%
the
73%
baby
70%
baby?
70%
so
70%
So
70%
tell
70%
time,
70%
we
70%
again
68%
high
68%
was
68%
favourite
66%
school
66%
tough
66%
been?
64%
been
64%
called
64%
here
64%
old
64%
pastries
64%
confidence
61%
Is
61%
times
61%
drinking
59%
find
59%
Handling
59%
on
59%
sweet
59%
two
59%
Where'd
59%
at
57%
consequence
57%
European
57%
Not
57%
settling
57%
this
57%
common
55%
how've
55%
sense
55%
sour
55%
tongues,
55%
all
52%
Always
52%
Dinners
52%
quite,
52%
(It's
50%
it's
50%
white,
48%
starting
43%
come
27%
No matching quizzes found
Score Distribution
Percent of People with Each Score
Percentile by Number Answered
Your Score History
You have not taken this quiz